Single & single : (Record no. 173318)

000 -LEADER
fixed length control field 01580cam a2200409 a 4500
001 - CONTROL NUMBER
control field 1672779
003 - CONTROL NUMBER IDENTIFIER
control field Nust
005 - DATE AND TIME OF LATEST TRANSACTION
control field 20180724071539.0
008 - FIXED-LENGTH DATA ELEMENTS--GENERAL INFORMATION
fixed length control field 981002s1999 nyu 000 1 eng
010 ## - LIBRARY OF CONGRESS CONTROL NUMBER
LC control number 98047174
020 ## - INTERNATIONAL STANDARD BOOK NUMBER
International Standard Book Number 0340924381
Terms of availability Rs. 476
038 ## - RECORD CONTENT LICENSOR
Staff Name Arshad
040 ## - CATALOGING SOURCE
Original cataloging agency DLC
Transcribing agency DLC
Modifying agency DLC
-- OCoLC
-- DLC
043 ## - GEOGRAPHIC AREA CODE
Geographic area code e-uk-en
-- e-ur---
050 00 - LIBRARY OF CONGRESS CALL NUMBER
Classification number PR6062.E33
Item number S49 1999
082 00 - DEWEY DECIMAL CLASSIFICATION NUMBER
Classification number 823.914
Author Mark CAR
100 1# - MAIN ENTRY--PERSONAL NAME
Personal name Le Carré, John,
Dates associated with a name 1931-
9 (RLIN) 11818
245 10 - TITLE STATEMENT
Title Single & single :
Remainder of title a novel /
Statement of responsibility, etc. John Le Carré.
246 3# - VARYING FORM OF TITLE
Title proper/short title Single and single
260 ## - PUBLICATION, DISTRIBUTION, ETC.
Place of publication, distribution, etc. New York :
Name of publisher, distributor, etc. Scribner,
Date of publication, distribution, etc. 1999.
300 ## - PHYSICAL DESCRIPTION
Extent 412 p. ;
Dimensions 25 cm.
650 #0 - SUBJECT ADDED ENTRY--TOPICAL TERM
Topical term or geographic name entry element Family-owned business enterprises
Form subdivision Fiction.
9 (RLIN) 11975
650 #0 - SUBJECT ADDED ENTRY--TOPICAL TERM
Topical term or geographic name entry element Investment bankers
Form subdivision Fiction.
9 (RLIN) 11976
650 #0 - SUBJECT ADDED ENTRY--TOPICAL TERM
Topical term or geographic name entry element Money laundering
Form subdivision Fiction.
9 (RLIN) 11977
650 #0 - SUBJECT ADDED ENTRY--TOPICAL TERM
Topical term or geographic name entry element Fathers and sons
Form subdivision Fiction.
9 (RLIN) 8008
650 #0 - SUBJECT ADDED ENTRY--TOPICAL TERM
Topical term or geographic name entry element Organized crime
Form subdivision Fiction.
9 (RLIN) 11220
651 #0 - SUBJECT ADDED ENTRY--GEOGRAPHIC NAME
Geographic name England
Form subdivision Fiction.
9 (RLIN) 1072
651 #0 - SUBJECT ADDED ENTRY--GEOGRAPHIC NAME
Geographic name Russia
Form subdivision Fiction.
9 (RLIN) 11978
655 #7 - INDEX TERM--GENRE/FORM
Genre/form data or focus term Adventure stories.
Source of term gsafd
9 (RLIN) 6723
655 #7 - INDEX TERM--GENRE/FORM
Genre/form data or focus term Domestic fiction.
Source of term lcsh
9 (RLIN) 4525
856 41 - ELECTRONIC LOCATION AND ACCESS
Materials specified Sample text
Uniform Resource Identifier <a href="http://www.loc.gov/catdir/samples/simon031/98047174.html">http://www.loc.gov/catdir/samples/simon031/98047174.html</a>
856 42 - ELECTRONIC LOCATION AND ACCESS
Materials specified Publisher description
Uniform Resource Identifier <a href="http://www.loc.gov/catdir/description/simon033/98047174.html">http://www.loc.gov/catdir/description/simon033/98047174.html</a>
856 42 - ELECTRONIC LOCATION AND ACCESS
Materials specified Contributor biographical information
Uniform Resource Identifier <a href="http://www.loc.gov/catdir/enhancements/fy0707/98047174-b.html">http://www.loc.gov/catdir/enhancements/fy0707/98047174-b.html</a>
906 ## - LOCAL DATA ELEMENT F, LDF (RLIN)
a 7
b cbc
c orignew
d 1
e ocip
f 19
g y-gencatlg
942 ## - ADDED ENTRY ELEMENTS (KOHA)
Source of classification or shelving scheme
Koha item type Book
Holdings
Withdrawn status Lost status Source of classification or shelving scheme Damaged status Not for loan Permanent Location Current Location Shelving location Date acquired Total Checkouts Full call number Barcode Date last seen Date last checked out Copy number Price effective from Koha item type
          Central Library (CL) Central Library (CL) Fiction 01/21/2017 1 823 CAR CL520 12/21/2025 11/07/2025 1 01/21/2017 Book
© 2023 Central Library, National University of Sciences and Technology. All Rights Reserved.